| 000 | 00000nam##2200000za#4500 |
| 001 | 9.700290 |
| 003 | CaOODSP |
| 005 | 20210625000753 |
| 007 | cr ||||||||||| |
| 008 | 150407|1986||||xxc|||||o f|0| 0 eng|d |
| 040 | |aCaOODSP|beng |
| 043 | |an-cn--- |
| 086 | 1 |aA53-1681/1986E-PDF |
| 110 | 1 |aCanada.|bAgriculture Canada. |bCommunications Branch. |
| 245 | 10|aComposting / |h[electronic resource]|c[by] Trevor J. Cole. |
| 250 | |aPrinted 1979, revised 1986 |
| 260 | |aOttawa - Ontario : |bAgriculture Canada. |cc1986. |
| 300 | |a8p.|bfigs. |
| 500 | |aHistorical publication digitized by Agriculture and Agri-Food Canada. |
| 590 | |a15-02-Supp|b2015-02-16 |
| 690 | 07|aGardening|2gcpds |
| 690 | 07|aNorthern Canada|2gcpds |
| 720 | 1 |aCole, T. J. |
| 775 | 08|tLe compostage / |w(CaOODSP)9.644187 |
| 856 | 40|ahttp://publications.gc.ca|qPDF|s345 KB|uhttps://publications.gc.ca/collections/collection_2015/aac-aafc/A53-1681-1986-eng.pdf |
| 986 | |aPublication 1681/E |